Yoga for everyone: Poses for every type of body (Record no. 396139)

MARC details
000 -LEADER
fixed length control field 00448 a2200169 4500
005 - DATE & TIME
control field 20260212112147.0
008 - FIXED-LENGTH DATA ELEMENTS--GENERAL INFORMATION
fixed length control field 260211b |||||||| |||| 00| 0 eng d
020 ## - ISBN
International Standard Book Number 9789391973896
Price Rs. 2295.00
040 ## - CATALOGING SOURCE
Original cataloging agency VIVEKANANDA LIBRARY
082 ## - DDC NUMBER
Classification number 613.7046
Book Number J78Y
100 ## - MAIN ENTRY--PERSONAL NAME
Personal name Joshi, Sanjay
245 ## - TITLE STATEMENT
Title Yoga for everyone: Poses for every type of body
260 ## - PUBLICATION, DISTRIBUTION, ETC. (IMPRINT)
Name of publisher, distributor, etc Ishika Publishing House
Date of publication, distribution, etc 2025
Place of publication, distribution, etc Jaipur
300 ## - PHYSICAL DESCRIPTION
Pages viii, 280
650 ## - Subject
Subject Yoga
942 ## - ADDED ENTRY ELEMENTS (KOHA)
Koha item type Books
Holdings
Withdrawn status Lost status Source of classification or shelving scheme Damaged status Not for loan Location (home branch) Sublocation or collection (holding branch) Shelving location Date acquired Koha issues (times borrowed) Koha full call number Accession No. Koha date last seen Koha item type
    Dewey Decimal Classification     VIVEKANANDA LIBRARY VIVEKANANDA LIBRARY Vivekananda Library 22/01/2026   613.7046 J78Y 444505 22/01/2026 Books
© Designed and Maintained by Vivekananda Library, MDU Rohtak